000 00825nam a22002411u 4500
001 07328
003 HDC
007 cr bn ---aaaaa
008 210127p2008 o d 00 engg
040 _aHDC
245 0 _aMalaysian Halal Standard and Halal Certification / by
_c Mariam Abdul Latif
260 _a[No Place] :
_b[publisher not identified],
_c2008
300 _a36 pages :
_billustrations
336 _atext
_2rdacontent
337 _acomputer
_2rdamedia
338 _aonline resource
_2rdacarrier
650 _ahalal certification
_9753
650 _aHalal standard
_91151
856 _zRequest full-text at [email protected]
942 _2lcc
942 _cSLIDE
942 _kSLID 000753
999 _c4652
_d4652